The batboy / (Record no. 3558)

MARC details
000 -LEADER
fixed length control field 00782nam a22002417a 4500
001 - CONTROL NUMBER
control field 3558
003 - CONTROL NUMBER IDENTIFIER
control field FISKH
005 - DATE AND TIME OF LATEST TRANSACTION
control field 20240321145604.0
008 - FIXED-LENGTH DATA ELEMENTS--GENERAL INFORMATION
fixed length control field 240320b cb ||||| |||| 00| 0 eng d
040 ## - CATALOGING SOURCE
Original cataloging agency FISK
Language of cataloging eng
Transcribing agency FISK
Modifying agency FISK
050 ## - LIBRARY OF CONGRESS CALL NUMBER
Classification number PZ7.L97914
082 ## - DEWEY DECIMAL CLASSIFICATION NUMBER
Classification number 813.54
100 ## - MAIN ENTRY--PERSONAL NAME
Personal name Lupica Mike
Dates associated with a name 1952-
245 ## - TITLE STATEMENT
Title The batboy /
Statement of responsibility, etc. Mike Lupica
260 ## - PUBLICATION, DISTRIBUTION, ETC.
Place of publication, distribution, etc. New York :
Name of publisher, distributor, etc. Scholastic,
Date of publication, distribution, etc. 2011
300 ## - PHYSICAL DESCRIPTION
Extent 247 pages :
Dimensions 20 cm
505 ## - FORMATTED CONTENTS NOTE
Formatted contents note S
520 ## - SUMMARY, ETC.
Summary, etc. Even though his mother feels baseball ruined her marriage to his father, she allows fourteen-year-old Brian to become a bat boy for the Detroit Tigers, who have just drafted his favorite player back onto the team.
521 8# - TARGET AUDIENCE NOTE
Target audience note 940
Source Lexile
700 ## - ADDED ENTRY--PERSONAL NAME
Personal name Mike Lupica
942 ## - ADDED ENTRY ELEMENTS (KOHA)
Source of classification or shelving scheme Dewey Decimal Classification
Koha item type Books
Suppress in OPAC No
Holdings
Withdrawn status Lost status Source of classification or shelving scheme Damaged status Not for loan Collection Home library Current library Shelving location Date acquired Total Checkouts Full call number Barcode Date last seen Date last checked out Copy number Price effective from Koha item type
    Dewey Decimal Classification     Fiction Footprints International School Library Network Toul Kork Campus Footprints International School Library Network Toul Kork Campus TTP Secondary Fiction Bookshelves 03/21/2024   LUP PZ7.L97914 813.54 2024-0378 03/21/2024   2 03/21/2024 Books
    Dewey Decimal Classification     Fiction Footprints International School Library Network Toul Kork Campus Footprints International School Library Network Toul Tom Poung Campus TTP Secondary Fiction Bookshelves 03/20/2024 1 LUP PZ7.L97914 813.54 2024-0365 12/01/2025 11/10/2025 1 03/20/2024 Books